Statystyki dla Państwa Imperium Włoskiego

Kliknij tutaj aby rozwiązać quiz!

Ogólne statystyki

  • Ten quiz został rozwiązany 6 155 razy
  • Średni wynik to 11 z 18

Statystyki odpowiedzi

Status%Country% Poprawnych
Okupowany podczas
II wojny światowej
11Francja
87%
Okupowany podczas
II wojny światowej
60Grecja
82%
Okupowany podczas
II wojny światowej
100Albania
78%
Okupowany podczas
II wojny światowej
54Chorwacja
78%
Kolonia100Libia
75%
Okupowany podczas
II wojny światowej
57Słowenia
75%
Okupowany podczas
II wojny światowej
44Egipt
72%
Okupowany podczas
II wojny światowej
54Bośnia i Hercegowina
69%
Okupowany podczas
II wojny światowej
99Czarnogóra
64%
Kolonia100Etiopia
64%
Okupowany podczas
II wojny światowej
100Tunezja
64%
Okupowany podczas
II wojny światowej, kolonia
33Somalia
59%
Okupowany podczas
II wojny światowej
50Macedonia Północna
54%
Kolonia100Erytrea
52%
Okupowany podczas
II wojny światowej
9Sudan
49%
Okupowany podczas
II wojny światowej
18Kenia
35%
Okupowany podczas
II wojny światowej
20Sudan Południowy
35%
Kolonia< 1Chiny
18%

Rozkład punktacji

Percentyl według liczby udzielonych odpowiedzi

Procent ludzi z każdym wynikiem

Twoja historia wyników

Nie rozwiązałeś tego quizu